Hazen y el piano en España : (Record no. 192838)

MARC details
000 -LEADER
campo de control de longitud fija 01357nam a2200325 i 4500
001 - NÚMERO DE CONTROL
campo de control 192838
003 - IDENTIFICADOR DE NÚMERO DE CONTROL
campo de control SpMaBN
005 - FECHA Y HORA DE LA ÚLTIMA TRANSACCIÓN
campo de control 20240418063128.0
008 - DATOS DE LONGITUD FIJA--INFORMACIÓN GENERAL
campo de control de longitud fija 230530s2014 sp a | |||| 000 0 spa
017 ## - NÚMERO DE COPYRIGHT O DE DEPÓSITO LEGAL
Número de copyright o de depósito legal B 17648-2014
Agencia que asigna Oficina Depósito Legal Barcelona
020 ## - NÚMERO INTERNACIONAL ESTÁNDAR DEL LIBRO
Número Internacional Estándar del Libro 9788416177165
Información calificativa cart.
035 ## - NÚMERO DE CONTROL DEL SISTEMA
Número de control de sistema (OCoLC)898011181
040 ## - FUENTE DE CATALOGACIÓN
Centro catalogador/agencia de origen SpMaBN
Lengua de catalogación spa
Centro/agencia transcriptor SpMaBN
Normas de descripción rdc
Centro/agencia modificador ES-MaACL
080 ## - NÚMERO DE LA CLASIFICACIÓN DECIMAL UNIVERSAL
Número de la Clasificación Decimal Universal 681.816(460)(091)
100 1# - ENTRADA PRINCIPAL--NOMBRE DE PERSONA
Nombre de persona García del Busto, José Luis,
Fechas asociadas al nombre 1947-
Término indicativo de función/relación Autor
9 (RLIN) 167192
245 10 - MENCIÓN DEL TÍTULO
Título Hazen y el piano en España :
Resto del título de 1814 a nuestros días /
Mención de responsabilidad, etc. José Luis García del Busto, Cristina Bordas
260 ## - PUBLICACIÓN, DISTRIBUCIÓN, ETC.
Lugar de publicación, distribución, etc. [Barcelona] :
Nombre del editor, distribuidor, etc. Lunwerg,
Fecha de publicación, distribución, etc. [2014]
300 ## - DESCRIPCIÓN FÍSICA
Extensión 174 páginas :
Otras características físicas ilustraciones (blanco y negro y color) ;
Dimensiones 31 cm +
Material acompañante/anejo 1 folleto ([16] p. : ilustraciones)
336 ## - TIPO DE CONTENIDO
Término de tipo de contenido Texto (visual)
Fuente isbdcontent
337 ## - TIPO DE MEDIO
Nombre/término del tipo de medio sin mediación
Fuente isbdmedia
500 ## - NOTA GENERAL
Nota general Acompañado de facsímil de un prospecto de Hazen de 1919
610 2# - PUNTO DE ACCESO ADICIONAL DE MATERIA--NOMBRE DE ENTIDAD CORPORATIVA
Nombre de entidad corporativa o nombre de jurisdicción como elemento de entrada Hazen, Distribuidora General de Pianos-
Subdivisión de forma Historia
Fuente del encabezamiento o término embne
9 (RLIN) 226502
650 #0 - PUNTO DE ACCESO ADICIONAL DE MATERIA--TÉRMINO DE MATERIA
Término de materia o nombre geográfico como elemento de entrada Piano-
Subdivisión general Fabricación
Fuente del encabezamiento o término embne
9 (RLIN) 226503
650 #0 - PUNTO DE ACCESO ADICIONAL DE MATERIA--TÉRMINO DE MATERIA
Término de materia o nombre geográfico como elemento de entrada Piano-
Subdivisión geográfica Madrid
Fuente del encabezamiento o término embne
9 (RLIN) 226504
700 1# - ENTRADA AGREGADA--NOMBRE PERSONAL
Nombre de persona Bordas Ibáñez, Cristina,
Término indicativo de función/relación Autor
9 (RLIN) 226505
852 ## - LOCALIZACIÓN
Ubicación ES-MaACL
Sublocalización o colección R. 153262
Ubicación en estantería Depósito J
Donativo/Legado Donación: Editorial
Número de control de estantería N-8473
Encuadernación Cartoné
itemnumber 200141
942 ## - ELEMENTOS DE ENTRADA SECUNDARIOS (KOHA)
Tipo de ítem Koha Libro impreso
Suprimir en OPAC No
Holdings
Estatus retirado Estado de pérdida Fuente del sistema de clasificación o colocación Estado de daño No para préstamo Biblioteca de origen Biblioteca actual Ubicación en estantería Fecha de adquisición Total de préstamos Signatura topográfica completa Código de barras Visto por última vez Tipo de ítem Koha
    Clasificación decimal universal     Biblioteca del Ateneo de Madrid Biblioteca del Ateneo de Madrid Depósito J 30/05/2023   N-8473 101205430 30/05/2023 Libro impreso